000 00379nam a2200157Ia 4500
008 151213s9999 xx 000 0 und d
020 _a0-13-376716-7
100 _aIan Brooks
245 _aBusiness Environment
_cIan Brooks
260 _aLondon
_bPrentic Hall
_c1997
300 _a6690 p.
650 _aBusiness
650 _aBusiness
700 _aIan Brooks
999 _c3665
_d3665